Normal view
MARC view
- Mora Heredia, Juan
Entry Nombre Personal
001 - NUMERO DE CONTROL
- campo de control: 52835
003 - IDENTIFICADOR DE NUMERO DE CONTROL
- campo de control: DLC
005 - FECHA Y HORA DE LA ÜLTIMA TRANSACCIÓN
- campo de control: 20240805133556.0
008 - DATOS DE LONGITUD FIJA
- campo de control de longitud fija: 070514nn fnnnnaabn |a aaa c
010 ## - NÚMERO DE CONTROL DE LA BIBLIOTECA DEL CONGRESO
- Número de control LC: nr2007009062
040 ## - FUENTE DE CATALOGACIÓN
- Agencia original de catalogación: CSt
- Lenguaje de catalogación: spa
- Agencia de transcripción: CSt
- Agencia que lo modifica: MX-MxUPN
100 1# - ENCABEZAMIENTO - NOMBRE PERSONAL
- Nombre personal: Mora Heredia, Juan
400 1# - VEÁSE - NOMBRE DE PERSONA
- Personal name: Heredia, Juan Mora
670 ## - FUENTE EN LA QUE SE LOCALIZARON DATOS
- Cita de la fuente: Los linchamientos en México, 2006:
- Información localizada: portada (Juan Mora Heredia) solapa frontal de cubierta (Mtro.; Departamento de Sociología de la Univ. Autónoma Metropolitana-Azcapotzalco)
670 ## - FUENTE EN LA QUE SE LOCALIZARON DATOS
- Cita de la fuente: Ciudadanía fragmentada, 2014 :
- Información localizada: portada (Juan Mora Heredia)
902 ## - CATALOGADOR
- Catalogador: VíctorGodínez/050824
